Nhà ở truyền thống của người Dao Tuyển ở Lào Cai

Nội dung sách gồm 3 chương : Khái quát về người Dao Tuyển ở Lào Cai; Cấu trúc và quy trình làm nhà của người Dao Tuyển ở Lào Cai; Chức năng của nhà và sinh hoạt văn hóa trong ngôi nhà của người Dao Tuyển ở Lào Cai....

Szczegółowa specyfikacja

Zapisane w:
Opis bibliograficzny
1. autor: Chảo, Văn Lâm
Format: Książka
Język:Undetermined
Wydane: Hà Nội Khoa học - Xã hội 2015
Hasła przedmiotowe:
Etykiety: Dodaj etykietę
Nie ma etykietki, Dołącz pierwszą etykiete!
Thư viện lưu trữ: Trung tâm Học liệu Trường Đại học Cần Thơ
LEADER 00987nam a2200205Ia 4500
001 CTU_209348
008 210402s9999 xx 000 0 und d
082 |a 728.09597 
082 |b L120 
100 |a Chảo, Văn Lâm 
245 0 |a Nhà ở truyền thống của người Dao Tuyển ở Lào Cai 
245 0 |c Chảo Văn Lâm 
260 |a Hà Nội 
260 |b Khoa học - Xã hội 
260 |c 2015 
520 |a Nội dung sách gồm 3 chương : Khái quát về người Dao Tuyển ở Lào Cai; Cấu trúc và quy trình làm nhà của người Dao Tuyển ở Lào Cai; Chức năng của nhà và sinh hoạt văn hóa trong ngôi nhà của người Dao Tuyển ở Lào Cai. 
650 |a Kiến trúc bản xứ,Vernacular architecture 
650 |z Việt Nam,Việt Nam 
904 |i Trương Thủy Ly,Hải 
980 |a Trung tâm Học liệu Trường Đại học Cần Thơ